Kvantifikace ekonomických pojmů.
Kvantifikovateľné a nekvantifikovateľné ekonomické pojmy. Presné definície ekonomických pojmov. Viackriteriálna kvantifikácia pri nepresne vymedzených pojmoch, kroky jej metódy. Trh, riadenie a efektívnosť národného hospodárstva. Kritéria fungovania riadiacej infraštruktúry.
Saved in:
| Main Author: | |
|---|---|
| Format: | Book Chapter |
| Language: | Czech |
| Subjects: | |
| Tags: |
No Tags, Be the first to tag this record!
|
MARC
| LEADER | 00000naa a2200000 4500 | ||
|---|---|---|---|
| 001 | r003291 | ||
| 005 | 20221125075527.6 | ||
| 041 | 0 | |a cze | |
| 044 | |a [CS] | ||
| 245 | 1 | 0 | |a Kvantifikace ekonomických pojmů. |c Miroslav Maňas |
| 520 | |a Kvantifikovateľné a nekvantifikovateľné ekonomické pojmy. Presné definície ekonomických pojmov. Viackriteriálna kvantifikácia pri nepresne vymedzených pojmoch, kroky jej metódy. Trh, riadenie a efektívnosť národného hospodárstva. Kritéria fungovania riadiacej infraštruktúry. | ||
| 610 | 2 | 0 | |a pojmy |
| 610 | 2 | 0 | |a ekonómia |
| 610 | 2 | 0 | |a kvantifikácia |
| 610 | 2 | 0 | |a metódy ekonomicko-matematické |
| 610 | 2 | 0 | |a trh |
| 610 | 2 | 0 | |a riadenie |
| 610 | 2 | 0 | |a efektívnosť ekonomická |
| 100 | 1 | |a Maňas, Miroslav | |